000 00356nam a2200157Ia 4500
003 OSt
005 20240104112602.0
008 170524s9999 xx 000 0 und d
020 _a9780070601857
040 _cIIMTU
100 _aKraus & Marhefk
245 0 _aAntennas for All Applications
260 _bTMH New Delhi
260 _c2007
942 _2ddc
_c02
999 _c4931
_d4931